NHL Arenas Quiz - Statistics

General Stats
  • This quiz has been taken 132 times
    26 since last reset
  • The average score is 20 of 32
Answer Stats
Team First Year Played Answer % Correct
Canadiens 1996 Centre Bell
86%
Ducks 1993 Honda Center
86%
Rangers 1925 (Original) 1968 Madison Square Garden
86%
Bruins 1995 TD Garden
86%
Golden Knights 2017 T-Mobile Arena
86%
Blackhawks 1994 United Center
86%
Avalanche 1999 Ball Arena
76%
Kraken 2021 Climate Pledge Arena
76%
Devils 2007 Prudential Center
76%
Flames 1983 Scotiabank Saddledome
76%
Islanders 2021 UBS Arena
76%
Kings 1999 Crypto.com Arena
71%
Stars 2001 American Airlines Center
67%
Senators 1996 Canadian Tire Centre
67%
Capitals 1997 Capital One Arena
67%
Hurricanes 1999 Lenovo Center
67%
Red Wings 2017 Little Caesars Arena
62%
Oilers 2016 Rogers Place
62%
Sabres 1996 KeyBank Center
57%
Penguins 2010 PPG Paints Arena
57%
Canucks 1997 Rogers Arena
57%
Sharks 1993 SAP Center
57%
Maple Leafs 1999 Scotiabank Arena
57%
Mammoth 2024 Delta Center
52%
Blues 1994 Enterprise Center
52%
Predators 1998 Bridgestone Arena
48%
Blue Jackets 2000 Nationwide Arena
48%
Jets 2011 Canada Life Centre
43%
Panthers 1998 Amerant Bank Arena
38%
Wild 2000 Grand Casino Arena
38%
Flyers 1996 Xfinity Mobile Arena
24%
Lightning 1996 Benchmark International Arena
19%
No matching quizzes found
Score Distribution
Percent of People with Each Score
Percentile by Number Answered
Your Score History
You have not taken this quiz since the last reset